[Event "Nepomuk 3rd"]
[Site "Nepomuk"]
[Date "2023.09.04"]
[Round "4"]
[White "Perkampus, Laurin"]
[Black "Spirik, Jiri"]
[Result "1-0"]
[WhiteElo "2144"]
[BlackElo "2143"]
[PlyCount "146"]
[EventDate "2023.08.31"]
[EventType "tourn"]
[EventRounds "9"]
[EventCountry "CZE"]
[SourceTitle "EXT 2024"]
[Source "ChessBase"]
[SourceDate "2023.10.10"]
[SourceVersion "1"]
[SourceVersionDate "2023.10.10"]
[SourceQuality "1"]

1. d4 g6 2. e4 d6 3. c4 Bg7 4. Nc3 e5 5. Nf3 Nc6 6. Bg5 f6 7. Be3 Bh6 8. Bxh6 Nxh6 9. dxe5 fxe5 10. Qd2 Nf7 11. h4 Bg4 12. Ng5 Nd4 13. Nxf7 Kxf7 14. f3 Be6 15. Bd3 c5 16. Nd5 Bxd5 17. exd5 Qf6 18. h5 Qf4 19. Qf2 g5 20. Be4 h6 21. g3 Qf6 22. Kf1 Kg7 23. Kg2 Rhf8 24. g4 Qe7 25. Qe3 Rf4 26. Rhf1 a5 27. a4 Qc7 28. b3 Qb6 29. Rab1 Qb4 30. Rb2 Qa3 31. Rff2 Raf8 32. Qc3 Qb4 33. Qxb4 cxb4 34. Kg3 Rc8 35. Rfd2 Kf7 36. Bg6+ Ke7 37. Be4 Kd8 38. Rb1 Kc7 39. Rbb2 Kb6 40. Rb1 Kc5 41. Kg2 Rff8 42. Ra2 Rc7 43. Kg3 b5 44. axb5 Ra7 45. Kf2 Rfa8 46. Ra4 Kb6 47. Ke3 Rf8 48. Ra2 Raf7 49. Rf2 Kc5 50. Rff1 Ra7 51. Rf2 a4 52. bxa4 Rxa4 53. Rfb2 b3 54. Rxb3 Nxb3 55. Rxb3 Kxc4 56. Rb1 Ra3+ 57. Kf2 Rb8 58. b6 Rb3 59. Rc1+ Kd4 60. Rd1+ Kc3 61. Rc1+ Kd2 62. Rc2+ Kd1 63. Rc7 R8xb6 64. Bc2+ Kd2 65. Bxb3 Rxb3 66. Rh7 Kd3 67. Rxh6 e4 68. fxe4 Kxe4 69. Rxd6 Kf4 70. h6 Kxg4 71. h7 Rh3 72. Rd7 Kf5 73. Re7 Rh6 1-0

[Event "Sitges Sunway op 9th"]
[Site "Sitges"]
[Date "2022.12.13"]
[Round "2"]
[White "Perkampus, Laurin"]
[Black "Verbruggen, Samuel"]
[Result "1/2-1/2"]
[WhiteElo "2168"]
[BlackElo "1963"]
[PlyCount "48"]
[EventDate "2022.12.12"]
[EventType "swiss"]
[EventRounds "10"]
[EventCountry "ESP"]
[SourceTitle "CBM 211 Extra"]
[Source "ChessBase"]
[SourceDate "2023.01.31"]
[SourceVersion "1"]
[SourceVersionDate "2023.01.31"]
[SourceQuality "1"]

1. d4 Nf6 2. c4 e6 3. Nc3 Bb4 4. Qc2 0-0 5. e4 d5 6. e5 Ne4 7. Bd3 c5 8. Nge2 cxd4 9. Nxd4 Nd7 10. Bf4 Qh4 11. g3 Qh5 12. 0-0 g5 13. cxd5 gxf4 14. dxe6 fxg3 15. fxg3 Bc5 16. exd7 Bxd4+ 17. Kg2 Bxd7 18. Nxe4 Bxe5 19. Rf2 Rac8 20. Qe2 Bg4 21. Qe3 Bd7 22. Qe2 Bg4 23. Qe3 Bd7 24. Qe2 Bg4 1/2-1/2

[Event "NED-chT 2223"]
[Site "Netherlands"]
[Date "2022.11.26"]
[Round "4.10"]
[White "Perkampus, Laurin"]
[Black "Wiersma, Eelke"]
[Result "1/2-1/2"]
[WhiteElo "2129"]
[BlackElo "2305"]
[PlyCount "48"]
[EventDate "2022.09.17"]
[EventType "team-tourn"]
[EventRounds "9"]
[EventCountry "NED"]
[SourceTitle "CBM 213 Extra"]
[Source "ChessBase"]
[SourceDate "2023.05.31"]
[SourceVersion "1"]
[SourceVersionDate "2023.05.31"]
[SourceQuality "1"]
[WhiteTeam "Zuid Limburg"]
[BlackTeam "Leiden LSG"]
[WhiteTeamCountry "NED"]
[BlackTeamCountry "NED"]

1. d4 d5 2. c4 c6 3. cxd5 cxd5 4. Nc3 Nc6 5. Nf3 Nf6 6. Bf4 Ne4 7. e3 Nxc3 8. bxc3 e6 9. Bd3 Bd6 10. Bxd6 Qxd6 11. 0-0 0-0 12. c4 dxc4 13. Bxc4 b6 14. Qe2 Bb7 15. Rfd1 Na5 16. Ba6 Qd5 17. Bxb7 Qxb7 18. Rac1 Rac8 19. Qd2 Nc4 20. Qb4 a5 21. Qb5 Nd6 22. Qb2 Nc4 23. Qb5 Nd6 24. Qb2 Nc4 1/2-1/2

[Event "Skalica op-A"]
[Site "Skalica"]
[Date "2022.08.21"]
[Round "2"]
[White "Perkampus, Laurin"]
[Black "Friesen, Bas"]
[Result "1/2-1/2"]
[WhiteElo "2108"]
[BlackElo "2000"]
[PlyCount "26"]
[EventDate "2022.08.20"]
[EventType "swiss"]
[EventRounds "9"]
[EventCountry "SVK"]
[SourceTitle "CBM 209 Extra"]
[Source "ChessBase"]
[SourceDate "2022.09.30"]
[SourceVersion "1"]
[SourceVersionDate "2022.09.30"]
[SourceQuality "1"]

1. d4 d5 2. c4 e6 3. Nc3 c6 4. e4 dxe4 5. Nxe4 c5 6. d5 Nf6 7. Nxf6+ Qxf6 8. Nf3 exd5 9. cxd5 Bd6 10. Bd3 h6 11. 0-0 0-0 12. Qc2 Nd7 13. Bd2 Ne5 1/2-1/2